Books of The Bible Old Testament - Statistics

General Stats
  • This quiz has been taken 2,706 times
  • The average score is 27 of 39
Answer Stats
Answer % Correct
Genesis
99%
Exodus
96%
Numbers
92%
Leviticus
91%
Deuteronomy
87%
Ruth
85%
Psalms
82%
Job
80%
Judges
79%
Joshua
78%
1 Kings
77%
2 Kings
77%
Proverbs
76%
Esther
75%
1 Samuel
73%
2 Samuel
73%
Isaiah
69%
1 Chronicles
68%
2 Chronicles
68%
Daniel
67%
Jeremiah
67%
Song of Solomon
67%
Ezra
65%
Nehemiah
64%
Ezekiel
62%
Jonah
62%
Malachi
62%
Ecclesiastes
58%
Amos
57%
Lamentations
57%
Micah
56%
Hosea
54%
Obadiah
54%
Joel
52%
Habakkuk
51%
Zechariah
49%
Nahum
48%
Haggai
47%
Zephaniah
47%
No matching quizzes found
Score Distribution
Percent of People with Each Score
Percentile by Number Answered
Your Score History
You have not taken this quiz